বাংলাদেশের ইতিহাস চর্চার ধারা : (Record no. 79944)
[ view plain ]
| 000 -LEADER | |
|---|---|
| fixed length control field | 01921nam a2200265 a 4500 |
| 001 - CONTROL NUMBER | |
| RUCL Control Number | 79944 |
| 003 - CONTROL NUMBER IDENTIFIER | |
| rucl marc code | BD-RjUL |
| 005 - DATE AND TIME OF LATEST TRANSACTION | |
| control field | 20220608114526.0 |
| 008 - FIXED-LENGTH DATA ELEMENTS--GENERAL INFORMATION | |
| fixed length control field | 220608s2005 bg a|||| m||| 00| 0 ben d |
| 035 ## - SYSTEM CONTROL NUMBER | |
| system control number | (BD-RjUL)79944 |
| 040 ## - CATALOGING SOURCE | |
| Original cataloging agency | BD-RjUL |
| Language of cataloging | ben / eng |
| Transcribing agency | BD-RjUL |
| Modifying agency | BD-RjUL |
| 041 ## - LANGUAGE CODE | |
| Language code of Book | ben |
| 082 ## - DEWEY DECIMAL CLASSIFICATION NUMBER | |
| Classification number | 954.92 |
| Author mark and Year | HAB 2005 |
| DDC Edition number | 23 |
| 100 ## - MAIN ENTRY--PERSONAL NAME | |
| Personal name | হাদিউজজামান, সৈয়দ |
| 9 (RLIN) | 3515 |
| 245 01 - TITLE STATEMENT | |
| Title | বাংলাদেশের ইতিহাস চর্চার ধারা : |
| Remainder of title | প্রসঙ্গ মুহম্মদ আবদুর রহিম / |
| Statement of responsibility, etc | সৈয়দ হাদিউজজামান : |
| Name of Supervisor/Co-Supervisor | কো-সুপারভাইজার : মোহাম্মদ মুহিবউল্যাহ ছিদ্দিকী, প্রিন্সিপ্যাল-সুপারভাইজার : মু. মোখলেছুর রহমান |
| 260 ## - PUBLICATION, DISTRIBUTION, ETC. (IMPRINT) | |
| Place of publication, distribution, etc | রাজশাহী : |
| Name of publisher, distributor, etc | ইসলামের ইতিহাস ও সংস্কৃতি বিভাগ, রাজশাহী বিশ্ববিদ্যালয়, |
| Date of publication, distribution, etc | ২০০৫ |
| 300 ## - PHYSICAL DESCRIPTION | |
| Pagination | ix, ১৩১ পাতা : |
| Other physical details | চিএ ; |
| Dimensions | ২৯ সেমি. |
| 502 ## - DISSERTATION NOTE | |
| Dissertation note | থিসিস (এম. ফিল.) -- ইসলামের ইতিহাস ও সংস্কৃতি বিভাগ, রাজশাহী বিশ্ববিদ্যালয়, ২০০৫ |
| 504 ## - BIBLIOGRAPHY, ETC. NOTE | |
| Bibliography, etc | গ্রন্থপঞ্জি : পাতা [১০৪]-১২৯ |
| 650 ## - SUBJECT ADDED ENTRY--TOPICAL TERM | |
| Topical term or geographic name as entry element | ইতিহাস চর্চা |
| Geographic subdivision | বাংলাদেশ |
| 9 (RLIN) | 3516 |
| Topical term or geographic name as entry element | Practice History |
| Form subdivision | Bangladesh |
| 9 (RLIN) | 3517 |
| 700 ## - ADDED ENTRY--SUPERVISOR/CO-SUPERVISOR NAME | |
| Personal name | ছিদ্দিকী, মোহাম্মদ মুহিবউল্যা, কো-সুপারভাইজার |
| 9 (RLIN) | 3518 |
| Personal name | রহমান, মু. মোখলেছুর, প্রিন্সিপ্যাল-সুপারভাইজার |
| 9 (RLIN) | 3519 |
| 942 ## - ADDED ENTRY ELEMENTS (KOHA) | |
| Source of classification or shelving scheme | Dewey Decimal Classification |
| Koha item type | Theses |
| Source of classification or shelving scheme | Damaged status | Not for loan | Collection code | Permanent Location | Current Location | Shelving location | Date of accession | Source of acquisition | Total Checkouts | Full call number | Barcode | Date last seen | Copy number | Thesis |
|---|---|---|---|---|---|---|---|---|---|---|---|---|---|---|
| Dewey Decimal Classification | Not For Loan | Theses | Central Library, University of Rajshahi | Central Library, University of Rajshahi | Documentation Section | 21/05/2006 | Controller of Exam.; R.U. | BTHE 954.92 HAB 2005 | D2475 | 08/06/2022 | C-I | Theses |